Les 5 majeurs des équipes NBA en playoffs 2024/2025 - Conférence Ouest - Statistiques

Statistiques générales
  • Ce quiz a été pris 134 fois
  • Le résultat moyen est 34 sur 50
Statistiques - réponses
Equipe Joueur Poste % Correct
Oklahoma City Thunder Shai Gilgeous Alexander MJ
99%
Los Angeles Lakers Lebron James AI
96%
Los Angeles Lakers Luka Doncic MJ
96%
Golden State Warriors Draymond Green P
92%
Houston Rockets Jalen Green A
92%
Golden State Warriors Stephen Curry MJ
92%
Minnesota Timberwolves Anthony Edwards AI
91%
Denver Nuggets Nikola Jokic P
91%
Minnesota Timberwolves Rudy Gobert P
90%
Los Angeles Lakers Austin Reaves A
88%
Memphis Grizzlies Ja Morant MJ
88%
Denver Nuggets Jamal Murray MJ
87%
Los Angeles Clippers James Harden MJ
87%
Los Angeles Clippers Kawhi Leonard AF
87%
Sacramento Kings Keegan Murray AI
87%
Houston Rockets Alperen Sengun P
85%
Oklahoma City Thunder Chet Holmgren P
83%
Denver Nuggets Aaron Gordon AF
82%
Houston Rockets Amen Thompson AF
82%
Dallas Mavericks Anthony Davis AF
82%
Sacramento Kings Domantas Sabonis P
82%
Dallas Mavericks Klay Thompson A
82%
Oklahoma City Thunder Jalen Williams AF
79%
Golden State Warriors Jimmy Butler AF
76%
Memphis Grizzlies Jaren Jackson Jr. AF
75%
Los Angeles Clippers Ivica Zubac P
73%
Oklahoma City Thunder Luguentz Dort AI
72%
Houston Rockets Fred VanVleet MJ
71%
Minnesota Timberwolves Julius Randle AF
71%
Denver Nuggets Michael Porter Jr. AI
71%
Sacramento Kings Demar Derozan AF
70%
Sacramento Kings Zach Lavine A
65%
Minnesota Timberwolves Mike Conley MJ
64%
Los Angeles Lakers Jaxson Hayes P
63%
Memphis Grizzlies Desmond Bane A
61%
Houston Rockets Dillon Brooks AI
60%
Memphis Grizzlies Zach Edey P
58%
Los Angeles Clippers Norman Powell A
53%
Denver Nuggets Christian Braun A
50%
Minnesota Timberwolves Jaden McDaniels A
50%
Golden State Warriors Brandon Podziemski A
47%
Dallas Mavericks Dereck Lively P
47%
Oklahoma City Thunder Cason Wallace A
40%
Dallas Mavericks PJ Washington AI
40%
Los Angeles Lakers Dorian Finley Smith AF
36%
Los Angeles Clippers Kris Dunn AI
27%
Golden State Warriors Moses Moody AI
25%
Dallas Mavericks Spencer Dinwiddie MJ
22%
Memphis Grizzlies Scottie Pippen Jr. AI
17%
Sacramento Kings Keon Ellis MJ
16%
Aucun quiz correspondant
Distribution des résultats
% des personnes avec chaque résultat
Percentile par nombre de réponses
Votre historique - résultats
Vous n’avez pas pris ce quiz